Local Area Network Performance : (Record no. 35906)

MARC details
000 -LEADER
fixed length control field 00492nam a22001697a 4500
005 - DATE AND TIME OF LATEST TRANSACTION
control field 20240612144231.0
008 - FIXED-LENGTH DATA ELEMENTS--GENERAL INFORMATION
fixed length control field 240612b |||||||| |||| 00| 0 eng d
020 ## - INTERNATIONAL STANDARD BOOK NUMBER
ISBN 9780471942238
082 ## - DEWEY DECIMAL CLASSIFICATION NUMBER
Classification number 004.6
Item number HEL-L
100 ## - MAIN ENTRY--AUTHOR
Author Name Gilbert, Held
245 ## - TITLE STATEMENT
Title Local Area Network Performance :
Remainder of title Issues and Answers /
Statement of responsibility, etc. Gilbert Held
260 ## - PUBLICATION, DISTRIBUTION, ETC.
Place of Publication USA:
Name of publisher, distributor, etc. Wiley;
Date of publication, distribution, etc. 19994.
300 ## - PHYSICAL DESCRIPTION
Pages xiv, 198 p. :
500 ## - GENERAL NOTE
General note include index.<br/>
650 ## - SUBJECT ADDED ENTRY--TOPICAL TERM
Subject / Department Computer Science-Networking
300 ## - PHYSICAL DESCRIPTION
-- ill;
-- 24 cm.
952 ## - LOCATION AND ITEM INFORMATION (KOHA)
-- 0
-- 0
Holdings
Lost status Damaged status Collection code Permanent Location Current Location Shelving Location Date acquired Full Call Number Accession No./Barcode Date last seen item type Koha item type
    CS/IT Superior Information Resource Center (SIRC) Superior University- Gold Campus Superior Information Resource Center (SIRC) Superior University- Gold Campus Networking 06/12/2024 004.68 HEL-L 1994 17767 06/12/2024 BOOK BOOK

Powered by Koha